| 000 | 00454nam a2200145Ia 4500 | ||
|---|---|---|---|
| 008 | 200619s9999 xx 000 0 und d | ||
| 020 | _a471-36473-8 | ||
| 100 | _aHayes, John R. | ||
| 245 |
_cJohn R. Hayes.-- _aCognition and development of language / |
||
| 260 |
_aNew York: _bJohn Wiley & Sons, Inc. _c1970 |
||
| 300 | _a370 pages | ||
| 500 | _aIncludes Bibliography, and Index | ||
| 650 | _aChildren -- Language. | ||
| 650 | _aCognition in children. | ||
| 999 |
_c363707 _d363707 |
||